000 00641nam a22002057a 4500
003 OSt
005 20210217141844.0
008 210217b ||||| |||| 00| 0 spa d
020 _a9789585729025
040 _cCO-MqBPB
082 _a808.89
_bM66h
110 _aAlcaldía de Mosquera
245 _aHistorias que siembran:
_bVIII Concurso de Escritura 2019/
_cAlcaldía de Mosquera
260 _aBogotá:
_bXpress Estudio Gráfico y Digital S.A.S,
_c2019.
300 _a80 pag.
_bPasta Banda
_c23 cm.
650 _2Concurso
_vLibro álbum
650 _2Concurso
_vNarrativa Adulto
650 _2Concurso
_vNarrativa Juvenil
942 _2ddc
_cBK
999 _c13154
_d13154